000
00234nam a22000857a 4500
008
170608b xxu||||| |||| 00| 0 eng d
100
_9
3335
_a
Savitri
245
_a
Tales from Indian Classics
260
_a
New Delhi
_b
Children's Book Trust
_c
2001
999
_c
6654
_d
6654